[Event "Online Olym Div3 D 2020"]
[Site "chess.com INT"]
[Date "2020.07.08"]
[Round "5.3"]
[Board "2"]
[White "Hansen, Sune Berg"]
[Black "Gemy, Jose Daniel"]
[Result "1/2-1/2"]
[WhiteTitle "GM"]
[BlackTitle "IM"]
[WhiteElo "2552"]
[BlackElo "2380"]
[WhiteTeam "Denmark"]
[BlackTeam "Bolivia"]
[WhiteFideId "1400266"]
[BlackFideId "3301478"]
[EventDate "2020.07.07"]
[EventType "team"]

1. e4 e5 2. Nf3 Nc6 3. Bc4 Bc5 4. O-O Nf6 5. d3 d6 6. c3 a6 7. Bb3 Ba7 8. Nbd2
Bg4 9. h3 Bh5 10. Re1 Qd7 11. Nf1 O-O-O 12. Ng3 h6 13. Nxh5 Nxh5 14. d4 Qe7 15.
Bd5 Nb8 16. Qb3 c6 17. Bxf7 Nf4 18. Bxf4 exf4 19. Qe6+ Qxe6 20. Bxe6+ Kc7 21. h4
Rde8 22. Bf5 Nd7 23. Re2 Rhf8 24. Rae1 a5 25. h5 b5 26. Nh4 c5 27. Ng6 cxd4 28.
Nxf8 Rxf8 29. cxd4 Bxd4 30. Rd1 Be5 31. Bxd7 Kxd7 32. Rc2 Rb8 33. b3 a4 34. b4
a3 35. Rd5 Ke6 36. Rc6 Kf6 37. Kf1 Ke6 38. Ke2 Rb7 39. Kd3 Rb8 40. Kc2 g6 41.
hxg6 Rg8 42. f3 Rxg6 43. Rd2 h5 44. Kb3 h4 45. Kxa3 Rg3 46. Kb3 h3 47. gxh3
Rxf3+ 48. Kc2 Rxh3 49. Rb6 Ra3 50. Kb1 f3 51. Rxb5 Re3 52. Kc2 Rxe4 53. Rb8 Rc4+
54. Kb3 Rf4 55. Rf2 Bd4 56. Rf1 f2 57. Re8+ Kd5 58. Re2 Rf3+ 59. Ka4 Kc4 60.
Rc2+ Kd3 61. Kb3 Ke4+ 62. Ka4 Kd3 63. Kb3 Ke4+ 64. Ka4 Kd3 1/2-1/2

[Event "Online Olym Div3 D 2020"]
[Site "chess.com INT"]
[Date "2020.07.08"]
[Round "5.3"]
[Board "3"]
[White "Cordero, Daniela"]
[Black "Kakulidis, Ellen"]
[Result "1-0"]
[WhiteTitle "WIM"]
[BlackTitle "WCM"]
[WhiteElo "2010"]
[BlackElo "2059"]
[WhiteTeam "Bolivia"]
[BlackTeam "Denmark"]
[WhiteFideId "3301630"]
[BlackFideId "1444972"]
[EventDate "2020.07.07"]
[EventType "team"]

1. d4 d5 2. Bg5 Nf6 3. Nc3 e6 4. e3 Be7 5. Bd3 h6 6. Bh4 Nbd7 7. f4 b6 8. Nf3
Bb7 9. O-O O-O 10. f5 exf5 11. Bxf5 Ne4 12. Bxe7 Qxe7 13. Nxe4 dxe4 14. Nd2 c5
15. Bxd7 Qxd7 16. dxc5 bxc5 17. Nb3 Qe7 18. Qh5 Rac8 19. Rf4 Qc7 20. Raf1 a5 21.
Rf5 Ba6 22. Rxc5 Qb7 23. Rd1 a4 24. Nd4 Rxc5 25. Qxc5 Qxb2 26. a3 Qb7 27. Qd6
Qc8 28. Rb1 Bc4 29. Rb6 Qa8 30. Rc6 Rd8 31. Qc5 Be6 32. h3 Qb8 33. Rb6 Qc8 34.
Qxc8 Bxc8 35. Rb8 Rf8 36. Ra8 Bd7 37. Ra7 Rd8 38. c4 Kf8 39. c5 Ke8 40. c6 Be6
41. Rxa4 Bd5 42. Ra5 Be6 43. Ra7 Rc8 44. a4 Bd5 45. Ra6 g6 46. a5 Ke7 47. Rb6
Kd6 48. Nb5+ Kc5 49. Na7 Bxc6 50. Nxc8 1-0

[Event "Online Olym Div3 D 2020"]
[Site "chess.com INT"]
[Date "2020.07.08"]
[Round "5.3"]
[Board "4"]
[White "Stolberg-Rohr, Thomine"]
[Black "Estrada, Lucia"]
[Result "0-1"]
[WhiteTitle "WFM"]
[BlackTitle "WIM"]
[WhiteElo "1918"]
[BlackElo "1888"]
[WhiteTeam "Denmark"]
[BlackTeam "Bolivia"]
[WhiteFideId "1504258"]
[BlackFideId "3301923"]
[EventDate "2020.07.07"]
[EventType "team"]

1. e4 e6 2. d4 d5 3. Nc3 Nf6 4. e5 Nfd7 5. f4 a6 6. Nf3 c5 7. Be3 Nc6 8. Qd2 Qc7
9. Qf2 cxd4 10. Nxd4 Nxd4 11. Bxd4 b5 12. a3 Bb7 13. Bd3 Rc8 14. O-O g6 15. Rae1
Bg7 16. g4 O-O 17. Qg3 f5 18. exf6 Bxf6 19. Bxf6 Rxf6 20. g5 Rf7 21. Rxe6 Nc5
22. Qe3 Nxe6 23. Qxe6 Qc6 24. Qe3 d4 25. Qe4 dxc3 26. Qxc6 Bxc6 27. bxc3 Bd5 28.
Rf2 Rxc3 0-1

[Event "Online Olym Div3 D 2020"]
[Site "chess.com INT"]
[Date "2020.07.08"]
[Round "5.3"]
[Board "5"]
[White "Bolanos, Fernando"]
[Black "Bjerre, Jonas Buhl"]
[Result "0-1"]
[WhiteTitle "CM"]
[BlackTitle "GM"]
[WhiteElo "2287"]
[BlackElo "2549"]
[WhiteTeam "Bolivia"]
[BlackTeam "Denmark"]
[WhiteFideId "3304094"]
[BlackFideId "1444948"]
[EventDate "2020.07.07"]
[EventType "team"]

1. e4 c5 2. Nf3 d6 3. d4 cxd4 4. Nxd4 Nf6 5. Nc3 a6 6. Be2 e5 7. Nb3 Be7 8. g4
Be6 9. Be3 d5 10. exd5 Nxd5 11. Nxd5 Bxd5 12. Bf3 Bxf3 13. Qxf3 Nc6 14. O-O O-O
15. c3 Qd7 16. Kh1 Qe6 17. Qe4 Rfd8 18. Rad1 a5 19. Nc1 b5 20. a3 Qc4 21. f3
Rac8 22. Bb6 Rxd1 23. Rxd1 g6 24. Kg2 Bg5 25. Nd3 Qb3 26. Re1 Bh4 27. Re2 Qd1
28. Bf2 Bxf2 29. Nxf2 Qd6 30. g5 h5 31. gxh6 Kh7 32. Qd3 Qxd3 33. Nxd3 f6 34. f4
Rd8 35. Re3 e4 36. Nc1 f5 37. Re2 Rd1 38. Nb3 a4 39. Rd2 Rxd2+ 40. Nxd2 Na5 41.
Kf2 Kxh6 42. Ke3 Kh5 43. Kd4 Kg4 44. Kc5 Nb3+ 45. Nxb3 axb3 46. Kd4 Kf3 47. c4
e3 48. c5 e2 0-1

[Event "Online Olym Div3 D 2020"]
[Site "chess.com INT"]
[Date "2020.07.08"]
[Round "5.3"]
[Board "6"]
[White "van den Brink, Nienke"]
[Black "Monroy G., Nataly A."]
[Result "0-1"]
[BlackTitle "WIM"]
[WhiteElo "1811"]
[BlackElo "1957"]
[WhiteTeam "Denmark"]
[BlackTeam "Bolivia"]
[WhiteFideId "1452568"]
[BlackFideId "3304019"]
[EventDate "2020.07.07"]
[EventType "team"]

1. e4 c5 2. Nf3 Nc6 3. d4 cxd4 4. Nxd4 g6 5. Be3 Bg7 6. Nc3 Nf6 7. f3 O-O 8. Qd2
d5 9. O-O-O dxe4 10. fxe4 Bg4 11. Be2 Bxe2 12. Qxe2 Qc7 13. Ndb5 Qe5 14. Bd4
Nxd4 15. Nxd4 a6 16. Rhf1 Rac8 17. g4 b5 18. Nf3 Qf4+ 19. Nd2 Qxg4 20. Qxg4 Nxg4
21. Nd5 Rfe8 22. h3 Ne5 23. Nb3 e6 24. Nf6+ Bxf6 25. Rxf6 Kg7 26. Rf4 Rc7 27.
Nd4 Nc4 28. Rf3 Rec8 29. c3 b4 30. Kb1 Ne5 31. Re3 bxc3 32. Rxc3 Rxc3 33. bxc3
Rxc3 34. Rf1 Rxh3 35. Kb2 Re3 36. Rf4 g5 37. Rf2 Rxe4 38. Rg2 Rxd4 39. Rxg5+ Kf6 0-1

[Event "Online Olym Div3 D 2020"]
[Site "chess.com INT"]
[Date "2020.07.08"]
[Round "5.4"]
[Board "1"]
[White "Hoffman, Alejandro"]
[Black "White, Rushawn"]
[Result "1/2-1/2"]
[WhiteTitle "GM"]
[WhiteElo "2474"]
[BlackElo "1743"]
[WhiteTeam "Uruguay"]
[BlackTeam "Jamaica"]
[WhiteFideId "100340"]
[BlackFideId "7402805"]
[EventDate "2020.07.07"]
[EventType "team"]

1. d4 Nf6 2. Nf3 e6 3. e3 d5 4. c4 c5 5. Nc3 Nc6 6. a3 a6 7. cxd5 exd5 8. Be2 c4
9. Ne5 Bd6 10. f4 O-O 11. O-O Na5 12. Bf3 Nb3 13. Ra2 Bc7 14. Bd2 b5 15. Be1 Bb7
16. Bh4 Qd6 17. Qc2 Nd7 18. Qf5 Nxe5 19. fxe5 Qe6 20. Qh5 f6 21. exf6 Nd2 22.
Bxd5 Bxd5 23. Qxd5 Bxh2+ 24. Kxh2 Nxf1+ 25. Kg1 Qxd5 26. Nxd5 Nd2 27. Ra1 gxf6
28. Nxf6+ Kg7 29. Rd1 Nb3 30. Nh5+ Kh6 31. Nf4 Rae8 32. Kf2 a5 33. d5 Nc5 34. d6
Nd3+ 35. Kf3 Rf7 36. Be7 Rb8 37. Ke2 Nxf4+ 38. exf4 Rxf4 39. Ke3 Rf7 40. Kd4 Rb7
41. Kc5 Rbxe7 42. dxe7 Rxe7 43. Kxb5 Rb7+ 44. Kxc4 Rxb2 45. g4 Rg2 46. Kb5 Rxg4
47. Kxa5 Kg5 48. a4 h5 49. Kb5 Rxa4 50. Kxa4 Kg4 51. Kb4 h4 52. Kc4 h3 53. Kd4
h2 54. Ke3 Kg3 55. Rh1 Kg2 56. Rxh2+ Kxh2 1/2-1/2

[Event "Online Olym Div3 D 2020"]
[Site "chess.com INT"]
[Date "2020.07.08"]
[Round "5.4"]
[Board "2"]
[White "Brown, Equitable"]
[Black "Roselli Mailhe, Bernardo"]
[Result "0-1"]
[WhiteTitle "CM"]
[BlackTitle "IM"]
[WhiteElo "2057"]
[BlackElo "2429"]
[WhiteTeam "Jamaica"]
[BlackTeam "Uruguay"]
[WhiteFideId "7400322"]
[BlackFideId "3000028"]
[EventDate "2020.07.07"]
[EventType "team"]

1. d4 Nf6 2. c4 g6 3. Nc3 Bg7 4. e4 d6 5. Nf3 O-O 6. Be2 e5 7. O-O Nbd7 8. Re1
c6 9. Bf1 a5 10. Rb1 Re8 11. d5 Nc5 12. h3 Bd7 13. g3 Rc8 14. Bg2 cxd5 15. cxd5
b5 16. a3 b4 17. Na2 Nfxe4 18. axb4 axb4 19. Nh4 f5 20. Bxe4 Nxe4 21. Nxb4 Nxf2
22. Kxf2 Qb6+ 23. Be3 Qxb4 24. Kg2 f4 25. gxf4 exf4 26. Bf2 Rxe1 27. Bxe1 Qe4+
28. Nf3 Rc2+ 29. Bd2 Rxd2+ 30. Qxd2 Qxb1 0-1

[Event "Online Olym Div3 D 2020"]
[Site "chess.com INT"]
[Date "2020.07.08"]
[Round "5.4"]
[Board "3"]
[White "de Leon, Patricia"]
[Black "Brown, Raehanna"]
[Result "1-0"]
[WhiteTitle "WFM"]
[BlackTitle "WCM"]
[WhiteElo "2004"]
[BlackElo "1594"]
[WhiteTeam "Uruguay"]
[BlackTeam "Jamaica"]
[WhiteFideId "3000273"]
[BlackFideId "7402740"]
[EventDate "2020.07.07"]
[EventType "team"]

1. d4 Nf6 2. c4 g6 3. Nc3 Bg7 4. e4 d6 5. f3 O-O 6. Be3 Nc6 7. Qd2 e5 8. d5 Nd4
9. Nge2 Nxe2 10. Bxe2 Nh5 11. O-O-O a6 12. h4 Bd7 13. g4 Ng3 14. Rh3 Nxe2+ 15.
Nxe2 h5 16. Rg1 b5 17. c5 Qe7 18. c6 Bc8 19. Rh2 Qf6 20. gxh5 Qxf3 21. hxg6 fxg6
22. Rf2 Qxe4 23. Rxf8+ Kxf8 24. Nc3 Qxh4 25. Rxg6 Bf5 26. Rg1 Qh3 27. Qf2 Bh6
28. Bxh6+ Qxh6+ 29. Kd1 Qh5+ 30. Ne2 Kf7 31. Rf1 Kf6 32. Ke1 Qg5 33. Qh2 Ke7 34.
Qf2 Kf6 35. Rg1 Qh5 36. Ng3 Qg4 37. Rf1 Qb4+ 38. Qd2 Qh4 39. Rxf5+ Kg6 40. Qf2
Rh8 41. Rf7 Qg5 42. Rxc7 Qc1+ 43. Ke2 Qxb2+ 44. Kf1 Qb1+ 45. Kg2 Rh4 46. Qf7+
Kg5 47. Qg7+ Qg6 48. Qxg6+ Kxg6 49. Rd7 1-0

[Event "Online Olym Div3 D 2020"]
[Site "chess.com INT"]
[Date "2020.07.08"]
[Round "5.4"]
[Board "4"]
[White "Curwin, Nickaylah"]
[Black "Roepke, Sofia"]
[Result "0-1"]
[WhiteElo "1509"]
[BlackElo "1589"]
[WhiteTeam "Jamaica"]
[BlackTeam "Uruguay"]
[WhiteFideId "7402627"]
[BlackFideId "3006360"]
[EventDate "2020.07.07"]
[EventType "team"]

1. d4 d5 2. Bf4 Nf6 3. e3 e6 4. Bd3 c5 5. c3 Nc6 6. Nd2 Bd6 7. Bg3 O-O 8. Ngf3
Qe7 9. O-O e5 10. dxe5 Nxe5 11. Nxe5 Bxe5 12. Bxe5 Qxe5 13. Nf3 Qe7 14. Qc2 b6
15. Rad1 Bb7 16. Rfe1 Rfe8 17. Bb5 Red8 18. b3 Rac8 19. Bf1 Ne4 20. c4 Nf6 21.
h3 Qc7 22. Qf5 h6 23. Bd3 Ne4 24. Bxe4 dxe4 25. Nh2 Qe7 26. Qh5 Rd3 27. Qe2 Rcd8
28. Nf1 R8d6 29. Rd2 Qg5 30. Red1 Rg6 31. g3 Rgd6 32. Kh2 Qd8 33. Rxd3 exd3 34.
Qg4 g6 35. Rd2 f5 36. Qf4 Kg7 37. g4 fxg4 38. hxg4 Rf6 39. Qg3 Qd7 40. Kg1 g5
41. Nh2 Be4 42. Qe5 Bg6 43. Qg3 Qf7 44. Qe5 Qe6 45. Qxe6 Rxe6 46. Nf1 Kf6 47.
Kg2 Rd6 48. f3 Ke5 49. Kg3 Rf6 50. Nh2 Rf8 51. Nf1 a6 52. Nh2 b5 53. Nf1 Rd8 54.
cxb5 axb5 55. Kf2 c4 56. bxc4 bxc4 57. Kg3 c3 58. f4+ Ke4 59. Rh2 c2 60. Nd2+
Kd5 61. Nb3 Kc4 62. f5 Bf7 63. Rd2 Kc3 64. Rh2 Bxb3 65. axb3 c1=Q 66. Rxh6 Qxe3+
67. Kg2 d2 68. Rc6+ Kxb3 0-1

[Event "Online Olym Div3 D 2020"]
[Site "chess.com INT"]
[Date "2020.07.08"]
[Round "5.4"]
[Board "5"]
[White "Vazquez, Facundo"]
[Black "Stephenson, John"]
[Result "1-0"]
[WhiteTitle "CM"]
[WhiteElo "2207"]
[BlackElo "1629"]
[WhiteTeam "Uruguay"]
[BlackTeam "Jamaica"]
[WhiteFideId "3007669"]
[BlackFideId "7404409"]
[EventDate "2020.07.07"]
[EventType "team"]

1. d4 Nf6 2. c4 g6 3. Nc3 Bg7 4. g3 O-O 5. Bg2 d6 6. Nf3 Nbd7 7. O-O e5 8. e4
exd4 9. Nxd4 Re8 10. h3 a6 11. Re1 Rb8 12. Be3 Ne5 13. b3 c5 14. Nde2 b5 15. f4
Ned7 16. Qxd6 b4 17. e5 bxc3 18. Nxc3 Re6 19. Qd2 Ne8 20. Bxc5 Qc7 21. Bf2 Bf8
22. Nd5 Qd8 23. Rad1 Bb7 24. c5 Qc8 25. b4 Bxd5 26. Bxd5 Re7 27. e6 f6 28. exd7+ 1-0

[Event "Online Olym Div3 D 2020"]
[Site "chess.com INT"]
[Date "2020.07.08"]
[Round "5.4"]
[Board "6"]
[White "Miller, Rachel"]
[Black "Malan, Lucia"]
[Result "1-0"]
[WhiteTitle "CM"]
[BlackTitle "WCM"]
[WhiteElo "2004"]
[BlackElo "1741"]
[WhiteTeam "Jamaica"]
[BlackTeam "Uruguay"]
[WhiteFideId "7401302"]
[BlackFideId "3007570"]
[EventDate "2020.07.07"]
[EventType "team"]

1. e4 e5 2. Nf3 Nc6 3. Bc4 Be7 4. O-O Nf6 5. d3 d6 6. a4 O-O 7. Re1 Bg4 8. c3
Re8 9. h3 Bh5 10. Nbd2 Nd7 11. a5 b6 12. b4 bxa5 13. b5 Ncb8 14. Bd5 Nb6 15.
Bxa8 Nxa8 16. Rxa5 c6 17. Rxa7 Nb6 18. bxc6 Nxc6 19. Ra6 Qc7 20. Qb3 Rb8 21. Qa2
Bf8 22. Nf1 Bxf3 23. gxf3 Ne7 24. Be3 Nd7 25. Ra7 Qc8 26. Ng3 Nf6 27. Kh2 Qxc3
28. Qd2 Qb3 29. Rc1 d5 30. Rcc7 Nc8 31. Ra1 Nd6 32. exd5 Nxd5 33. Rcc1 Nb5 34.
Rcb1 Qc3 35. Qxc3 Ndxc3 36. Rb3 g6 37. Ne4 Nd5 38. Rab1 Ndc7 39. Nc3 Nxc3 40.
Rxb8 Nxb1 41. Rxb1 Bd6 42. Kg2 Nd5 43. Ra1 f5 44. Ra8+ Kf7 45. Ra7+ Ke6 46. Rxh7
Nb4 47. d4 f4 48. d5+ Nxd5 49. Bd2 Nf6 50. Ra7 Bc5 51. Ra6+ Kf5 52. Bc3 Nd5 53.
Ba1 Nb4 54. Ra5 Nd3 55. Bc3 Ke6 56. Kf1 Bxf2 57. Bxe5 Nxe5 58. Kxf2 Kf5 59. Ke2
Ke6 60. Ra8 Nf7 61. h4 Nh6 62. Ra6+ Kf7 63. h5 Nf5 64. hxg6+ Kg7 65. Kd3 Nh4 66.
Ke4 Nxg6 67. Kf5 Ne7+ 68. Kxf4 Nd5+ 1-0

[Event "Online Olym Div3 D 2020"]
[Site "chess.com INT"]
[Date "2020.07.08"]
[Round "5.5"]
[Board "1"]
[White "Machin Rivera, Mark"]
[Black "Boidiya, Sidi"]
[Result "0-1"]
[WhiteTitle "IM"]
[BlackTitle "FM"]
[WhiteElo "2341"]
[BlackElo "2040"]
[WhiteTeam "Puerto Rico"]
[BlackTeam "Mauritania"]
[WhiteFideId "3101126"]
[BlackFideId "19600100"]
[EventDate "2020.07.07"]
[EventType "team"]

1. c4 c6 2. g3 g6 3. Bg2 Bg7 4. Nf3 Nf6 5. O-O O-O 6. b3 Ne4 7. d4 d5 8. Bb2 Nd7
9. Nbd2 Ndf6 10. Ne5 Be6 11. Nxe4 Nxe4 12. f3 Nd6 13. cxd5 cxd5 14. e4 Qb6 15.
Kh1 Rfd8 16. Qe2 Nb5 17. Rfd1 Rac8 18. exd5 Bxd5 19. Nc4 Qf6 20. Ne3 Nc3 21.
Bxc3 Rxc3 22. Nxd5 Rxd5 23. f4 Rd7 24. Qb5 Rxd4 25. Qxb7 Qd6 26. Qa8+ Bf8 27.
Rxd4 Qxd4 28. Qe4 Qf2 29. Qe1 Qc5 30. Rd1 Rc2 31. a4 Rb2 32. Rb1 Rc2 33. Be4 Rc3
34. b4 Qd4 35. Bg2 e6 36. b5 Bc5 37. a5 Ra3 38. Rd1 Qb2 39. Bc6 Ra2 40. Rd8+ Kg7
41. Qe5+ Qxe5 42. fxe5 Rxa5 43. Be8 Ra1+ 44. Kg2 Ra2+ 45. Kh1 Bb6 46. Rd7 Rf2
47. Rd1 Rf5 48. Re1 Bd4 49. Re4 Rf1+ 50. Kg2 Rf2+ 51. Kh1 Bb6 52. Rf4 Rxf4 53.
gxf4 Be3 54. f5 gxf5 55. Kg2 Bf4 56. h3 Bxe5 57. Kf3 Kf6 58. Ke3 Bc7 59. Kf3 Bb6
60. Bc6 Ke7 61. Kf4 h6 62. Kf3 f6 63. Kf4 Bc7+ 64. Kf3 e5 65. Ke3 Ke6 66. Be8 e4
67. Kd4 Bb6+ 68. Kc4 Ke5 69. Bh5 f4 70. Kc3 f3 71. Kd2 Kf4 72. Ke1 Kg3 73. Bg6
e3 74. Bf5 e2 75. h4 Ba5# 0-1

[Event "Online Olym Div3 D 2020"]
[Site "chess.com INT"]
[Date "2020.07.08"]
[Round "5.5"]
[Board "2"]
[White "Taleb Mohamed, Ahmed"]
[Black "Zilleruelo Irizarry, Diego"]
[Result "0-1"]
[WhiteTitle "CM"]
[WhiteElo "1950"]
[BlackElo "2081"]
[WhiteTeam "Mauritania"]
[BlackTeam "Puerto Rico"]
[WhiteFideId "19600038"]
[BlackFideId "3101460"]
[EventDate "2020.07.07"]
[EventType "team"]

1. e4 c6 2. Nc3 d5 3. Nf3 Bg4 4. h3 Bxf3 5. Qxf3 e6 6. b3 Nf6 7. Bb2 Nbd7 8.
exd5 exd5 9. g4 Qe7+ 10. Ne2 O-O-O 11. O-O-O Ne5 12. Qg3 Ng6 13. Nd4 Ne4 14. Qe3
Qc7 15. Bg2 Nf6 16. Nf5 Kb8 17. Rde1 Ka8 18. Kb1 h6 19. a4 a6 20. Bc3 Qd7 21.
Qb6 Bd6 22. Nxd6 Qxd6 23. Bd4 Qb8 24. b4 Nd7 25. Qa5 Nge5 26. Bxe5 Nxe5 27. b5
Nc4 28. Qc3 axb5 29. d3 Nd6 30. Kb2 bxa4 31. Ra1 Qa7 32. Rxa4 Qxa4 33. Ra1 Qxa1+
34. Kxa1 f6 35. Qc5 Rhe8 36. Bf3 Kb8 37. Kb2 Kc7 38. Qa5+ Kd7 39. h4 Ra8 40. Qd2
Ra4 41. g5 hxg5 42. hxg5 Rea8 43. Qe3 Ra3 44. gxf6 Nc4+ 45. dxc4 Rxe3 46. fxe3
gxf6 47. cxd5 cxd5 48. Bxd5 Kd6 49. Bf3 Re8 50. e4 Kc5 51. Kc3 f5 52. e5 b5 53.
Kd3 Rxe5 54. c3 f4 55. Bb7 Re3+ 56. Kd2 Kc4 57. Bc6 Rd3+ 58. Ke2 Rxc3 59. Kf2 b4 0-1

[Event "Online Olym Div3 D 2020"]
[Site "chess.com INT"]
[Date "2020.07.08"]
[Round "5.5"]
[Board "5"]
[White "Garcia Figueroa, Nathaniel I."]
[Black "Mohamed Abderrahim, Taleb Mohamed"]
[Result "0-1"]
[WhiteElo "1341"]
[BlackElo "1811"]
[WhiteTeam "Puerto Rico"]
[BlackTeam "Mauritania"]
[WhiteFideId "3108228"]
[BlackFideId "19601441"]
[EventDate "2020.07.07"]
[EventType "team"]

1. e4 c5 2. Nf3 Nc6 3. d4 cxd4 4. Nxd4 e5 5. Nxc6 bxc6 6. b3 Nf6 7. Nd2 Bb4 8.
a3 Bxd2+ 9. Qxd2 Nxe4 10. Qe3 d5 11. Bd3 f5 12. f3 f4 13. Qe2 Qh4+ 14. Kf1 Ng3+
15. hxg3 Qxh1+ 16. Kf2 fxg3+ 17. Kxg3 e4 18. fxe4 O-O 19. Bb2 Qh6 20. exd5 Qf4# 0-1

[Event "Online Olym Div3 D 2020"]
[Site "chess.com INT"]
[Date "2020.07.08"]
[Round "6.1"]
[Board "1"]
[White "Douissa, Oussama"]
[Black "Boidiya, Sidi"]
[Result "1/2-1/2"]
[WhiteTitle "FM"]
[BlackTitle "FM"]
[WhiteElo "2258"]
[BlackElo "2040"]
[WhiteTeam "Tunisia"]
[BlackTeam "Mauritania"]
[WhiteFideId "5500508"]
[BlackFideId "19600100"]
[EventDate "2020.07.07"]
[EventType "team"]

1. d4 d5 2. c4 c6 3. Nf3 Nf6 4. Nc3 e6 5. Bg5 Nbd7 6. e3 Be7 7. Bd3 dxc4 8. Bxc4
b5 9. Bd3 a6 10. O-O c5 11. e4 cxd4 12. Nxd4 Ne5 13. Bc2 Bb7 14. Bxf6 Bxf6 15.
Nb3 Qb6 16. Kh1 Rd8 17. Qe2 Nc4 18. f4 O-O 19. e5 Be7 20. Be4 Bc8 21. Rf3 g6 22.
Rd1 Rxd1+ 23. Nxd1 Rd8 24. Rd3 a5 25. h3 a4 26. Nd2 Ba6 27. Nxc4 bxc4 28. Rxd8+
Qxd8 29. Nc3 a3 30. bxa3 Qd4 31. Qb2 Bc5 32. Qc1 Qf2 33. Bf3 Be3 34. Qd1 Bxf4
35. Qd8+ Kg7 36. Qf6+ Kg8 37. Qd8+ Kg7 38. Qf6+ Kg8 39. Qd8+ 1/2-1/2

[Event "Online Olym Div3 D 2020"]
[Site "chess.com INT"]
[Date "2020.07.08"]
[Round "6.1"]
[Board "2"]
[White "Taleb Mohamed, Ahmed"]
[Black "Meftahi, Houssem"]
[Result "0-1"]
[WhiteTitle "CM"]
[BlackTitle "IM"]
[WhiteElo "1950"]
[BlackElo "2117"]
[WhiteTeam "Mauritania"]
[BlackTeam "Tunisia"]
[WhiteFideId "19600038"]
[BlackFideId "5501660"]
[EventDate "2020.07.07"]
[EventType "team"]

1. e4 c5 2. Nf3 Nc6 3. Bb5 e6 4. c3 Nge7 5. O-O a6 6. Ba4 b5 7. Bc2 d5 8. d4
dxe4 9. Bxe4 Nd5 10. Re1 cxd4 11. cxd4 Bb4 12. Nc3 Bxc3 13. bxc3 O-O 14. a4 Bb7
15. Ng5 Nf6 16. Bc2 Ne7 17. Ba3 Re8 18. Bb3 Ned5 19. Qd2 Rc8 20. Rac1 Nb6 21.
axb5 axb5 22. Nxe6 fxe6 23. Rxe6 Bd5 24. Bxd5 Nbxd5 25. Rd6 Qc7 26. Bc5 Ne4 27.
Qa2 Nxd6 28. Qxd5+ Nf7 29. h4 Qf4 30. Rf1 Qxh4 31. Qf3 Qe4 32. Qh3 Rc6 33. Qd7
Rd8 34. Qb7 Qd5 35. Qxb5 Rg6 36. f3 Qg5 37. Rf2 Qc1+ 38. Kh2 Rh6+ 0-1

[Event "Online Olym Div3 D 2020"]
[Site "chess.com INT"]
[Date "2020.07.08"]
[Round "6.1"]
[Board "5"]
[White "Boulaares, Adam"]
[Black "Mohamed Abderrahim, Taleb Mohamed"]
[Result "1-0"]
[WhiteElo "1861"]
[BlackElo "1811"]
[WhiteTeam "Tunisia"]
[BlackTeam "Mauritania"]
[WhiteFideId "5508657"]
[BlackFideId "19601441"]
[EventDate "2020.07.07"]
[EventType "team"]

1. e4 c5 2. Nc3 Nc6 3. g3 g6 4. Bg2 Bg7 5. d3 d6 6. f4 Nf6 7. Nf3 Bg4 8. O-O O-O
9. h3 Bxf3 10. Qxf3 Nd4 11. Qf2 Rb8 12. Be3 Nd7 13. g4 b5 14. Kh1 b4 15. Nd1 a5
16. c3 bxc3 17. bxc3 Nb5 18. Rc1 a4 19. g5 Qa5 20. Bd2 c4 21. d4 a3 22. Ne3 Nb6
23. f5 f6 24. gxf6 Rxf6 25. Qg3 Nxd4 26. cxd4 Qxd2 27. e5 dxe5 28. dxe5 Rff8 29.
Rcd1 Qxa2 30. f6 exf6 31. exf6 Bh6 32. Ng4 Bg5 33. f7+ Rxf7 34. Qxb8+ Kg7 35.
Qe5+ 1-0

[Event "Online Olym Div3 D 2020"]
[Site "chess.com INT"]
[Date "2020.07.08"]
[Round "6.2"]
[Board "1"]
[White "White, Rushawn"]
[Black "Machin Rivera, Mark"]
[Result "1/2-1/2"]
[BlackTitle "IM"]
[WhiteElo "1743"]
[BlackElo "2341"]
[WhiteTeam "Jamaica"]
[BlackTeam "Puerto Rico"]
[WhiteFideId "7402805"]
[BlackFideId "3101126"]
[EventDate "2020.07.07"]
[EventType "team"]

1. e4 g6 2. d4 Bg7 3. Bc4 d6 4. c3 Nf6 5. Qe2 e5 6. Bg5 O-O 7. dxe5 dxe5 8. Nd2
h6 9. Bh4 c6 10. O-O-O b5 11. Bb3 a5 12. f4 Nbd7 13. Ngf3 Qe7 14. Rhe1 Ba6 15.
fxe5 Nxe5 16. Nxe5 Qxe5 17. Nf3 Qf4+ 18. Qd2 Nh5 19. Qxf4 Nxf4 20. Bg3 Nh5 21.
Bd6 Rfe8 22. a3 Bc8 23. Nd4 Bxd4 24. cxd4 Bg4 25. Rd2 a4 26. Ba2 Rad8 27. Bc5
Nf4 28. Bxf7+ Kxf7 29. Rf2 g5 30. g3 Bf5 31. gxf4 Rxe4 32. Rxe4 Bxe4 33. fxg5+
Kg6 34. gxh6 Kxh6 35. Kd2 Re8 36. Kc3 Bd5 37. Kb4 Re1 38. Ka5 Rg1 39. Kb6 Kg6
40. Bd6 Rg2 41. Rxg2+ Bxg2 42. Kc5 Kf5 43. h4 Bd5 44. Be7 Ke6 45. Bg5 Kf5 46.
Bc1 Kg6 47. Bg5 Kh5 48. Bd8 Kg6 49. Bg5 Kh5 50. Bd8 Kg4 51. Bg5 Kf5 52. Bd8 Kg6
53. Bg5 1/2-1/2

[Event "Online Olym Div3 D 2020"]
[Site "chess.com INT"]
[Date "2020.07.08"]
[Round "6.2"]
[Board "3"]
[White "Brown, Raehanna"]
[Black "Vazquez Maccarini, Danitza"]
[Result "1/2-1/2"]
[WhiteTitle "WCM"]
[BlackTitle "FM"]
[WhiteElo "1594"]
[BlackElo "2090"]
[WhiteTeam "Jamaica"]
[BlackTeam "Puerto Rico"]
[WhiteFideId "7402740"]
[BlackFideId "3101193"]
[EventDate "2020.07.07"]
[EventType "team"]

1. c4 e5 2. Nc3 Nc6 3. g3 Nf6 4. Nf3 Bc5 5. Bg2 a6 6. O-O d6 7. d3 h6 8. a3 Ba7
9. b4 O-O 10. h3 Ne7 11. Kh2 c6 12. e4 d5 13. exd5 cxd5 14. c5 d4 15. Ne2 Ng6
16. Nd2 Qc7 17. Bb2 Bd7 18. f4 exf4 19. Nxf4 Nxf4 20. Rxf4 Bc6 21. Bxd4 Bxg2 22.
Bxf6 Bxh3 23. Bxg7 Kxg7 24. Kxh3 f5 25. Nc4 Rf6 26. Qf3 Raf8 27. Nd6 Qd7 28. Rf1
Bb8 29. Kg2 Bxd6 30. cxd6 Rxd6 31. Rxf5 Rxf5 32. Qxf5 Qxf5 33. Rxf5 Rxd3 34. Rf3
Rxf3 35. Kxf3 Kf6 36. Kf4 b5 37. Kg4 Kg6 38. Kf4 h5 39. Ke4 Kg5 40. Kf3 Kf5 41.
Ke3 Kg4 42. Kf2 Kg5 43. Kf3 Kf5 44. Ke3 Ke5 45. Kf3 Kf5 1/2-1/2